The book of laughter and forgetting /

Hlavní autor: Kundera, Milan, 1929-2023
Další autoři: Asher, Aaron, 1929-2008
Jazyk: Angličtina
Vydáno: New York, NY : HarperPerennial, a Division of HarperCollinsPublishers, 1996
Témata:
Fyzický popis: 312 stran ; 21 cm
Knihy
Uloženo v:
LEADER 01649nam a2200397 i 4500
001 001849680
003 CZ BrMZK
005 20240415091217.0
007 ta
008 180425s1996 xxu gr 000 f eng
020 |a 0-06-092608-2  |q (brožováno) 
040 |a BOA001  |b cze  |e rda 
041 1 |a eng  |k fre  |h cze 
072 7 |a 821.162.3-3  |x Česká próza  |2 Konspekt  |9 25 
080 |a 821.162.3-31  |2 MRF 
080 |a (0:82-31)  |2 MRF 
100 1 |a Kundera, Milan,  |d 1929-2023  |7 jk01070894  |4 aut 
240 1 0 |a Kniha smíchu a zapomnění.  |l Anglicky  |7 aun2008434757 
245 1 4 |a The book of laughter and forgetting /  |c Milan Kundera ; translated from the French by Aaron Asher 
264 1 |a New York, NY :  |b HarperPerennial, a Division of HarperCollinsPublishers,  |c 1996 
300 |a 312 stran ;  |c 21 cm 
336 |a text  |b txt  |2 rdacontent 
337 |a bez média  |b n  |2 rdamedia 
338 |a svazek  |b nc  |2 rdacarrier 
500 |a "The definitive new translation"--Obálka 
500 |a Obálkový podnázev: a novel 
500 |a Přeloženo z francouzského překladu českého originálu 
655 7 |a české romány  |7 fd133974  |2 czenas 
655 9 |a Czech fiction  |2 eczenas 
700 1 |a Asher, Aaron,  |d 1929-2008  |7 xx0096978  |4 trl 
765 0 8 |i Název francouzského překladu:  |t Livre du rire et de l'oubli  |9 Anglicky 
910 |a BOA001  |b KMK-0000.426 
990 |a BK 
991 |b 202303 
996 6 |b 261K000612  |c KMK-0000.426  |l MZK  |r K. M. Kundery - 1. patro  |n 0  |p dar  |h B/05-02.I,002  |w 001917565  |u 000010  |a 0  |e BOA001  |j MZK50  |s P 
996 6 |b 261K002133  |c KMK-0000.426  |l MZK  |r K. M. Kundery - 1. patro  |n 0  |p dar  |h B/05-02.I,003  |w 001917565  |u 000020  |a 0  |e BOA001  |j MZK50  |s P